Forecasting: methods and applications

保存先:
書誌詳細
主要な著者: Makridakis, Spyros G. (autor), Wheelwright, Steven C (著者)
フォーマット: 図書
言語:英語
出版事項: Nueva York John Wiley 1978
シリーズ:The Wiley. Hamilton Series in Management and Administration
主題:
タグ: タグ追加
タグなし, このレコードへの初めてのタグを付けませんか!

MARC

LEADER 00000nam a2200000 a 4500
001 UCV4513
003 CL-VaPUC
008 930901e19780000US |||||||||||||||||eng|d
082 0 4 |a 338.544  |b MAK  |2 21 
100 |a Makridakis, Spyros G.  |e autor  |9 559683 
700 0 |a Wheelwright, Steven C  |e author  |9 298756 
245 1 0 |a Forecasting: methods and applications 
300 |a 713 p 
942 |c BK 
945 |d 19930901 00:00:00 
260 |a Nueva York  |b John Wiley  |c 1978 
650 7 |a PREDICCIONES  |2 CL-VaPUC  |9 260762 
650 0 |a Análisis de series de tiempo   |9 260363 
583 |a last modification  |c 19930901 00:00:00  |k Rodrigo Vera 
490 0 |a The Wiley. Hamilton Series in Management and Administration 
999 |c 211309  |d 211307